Metrologie. 5

Uložené v:
Podrobná bibliografia
Médium: Kniha
Jazyk:Czech
Vydané: České Budějovice : Dům techniky Československé vědeckotechnické společnosti, 1988
Vydanie:1. vyd.
ISBN: (brož.)
Fyzický popis: 195 s.
Tagy: Pridať tag
Žiadne tagy, Buďte prvý kto otaguje tento záznam!

MARC

LEADER 00000nam a2200000 a 4500
001 000217221
005 20061023182002.0
008 060420s1988 xr e czeo
020 |a (brož.) 
040 |a SVKKK  |b slo  |c SVKKK  |e AACR2 
041 0 |a cze 
044 |a xr  |c CZ 
245 0 0 |a Metrologie.  |n 5 
250 |a 1. vyd. 
260 |a České Budějovice :  |b Dům techniky Československé vědeckotechnické společnosti,  |c 1988 
300 |a 195 s. 
998 |a BK 
090 |g SCKHL  |k Sklad Pribinova 2. posch.  |a II.318986  |j 788546  |i 2720796296  |s Absenčne